Top 10 rankings by WCA event - Statistics

General Stats
  • This quiz has been taken 5 times
  • The average score is 48 of 173
Answer Stats
Event Result Name Country of origin % Correct
5BLD 2:58.31 Graham Siggins ๐Ÿ‡บ๐Ÿ‡ธ
100%
MBLD 63/65 58:23 Graham Siggins ๐Ÿ‡บ๐Ÿ‡ธ
100%
3x3 3.44 Luke Garrett ๐Ÿ‡บ๐Ÿ‡ธ
100%
3x3 3.13 Max Park ๐Ÿ‡บ๐Ÿ‡ธ
100%
4x4 15.71 Max Park ๐Ÿ‡บ๐Ÿ‡ธ
100%
5x5 31.54 Max Park ๐Ÿ‡บ๐Ÿ‡ธ
100%
6x6 57.69 Max Park ๐Ÿ‡บ๐Ÿ‡ธ
100%
7x7 1:33.48 Max Park ๐Ÿ‡บ๐Ÿ‡ธ
100%
OH 6.20 Max Park ๐Ÿ‡บ๐Ÿ‡ธ
100%
3BLD 12.00 Tommy Cherry ๐Ÿ‡บ๐Ÿ‡ธ
100%
4BLD 1:20.34 Tommy Cherry ๐Ÿ‡บ๐Ÿ‡ธ
100%
4x4 15.18 Tymon Kolasiล„ski ๐Ÿ‡ต๐Ÿ‡ฑ
100%
5x5 30.45 Tymon Kolasiล„ski ๐Ÿ‡ต๐Ÿ‡ฑ
100%
6x6 1:00.80 Tymon Kolasiล„ski ๐Ÿ‡ต๐Ÿ‡ฑ
100%
7x7 1:36.84 Tymon Kolasiล„ski ๐Ÿ‡ต๐Ÿ‡ฑ
100%
3x3 3.06 Yiheng Wang ๐Ÿ‡จ๐Ÿ‡ณ
100%
2x2 0.45 Yiheng Wang ๐Ÿ‡จ๐Ÿ‡ณ
100%
3BLD 11.67 Charlie Eggins ๐Ÿ‡ฆ๐Ÿ‡บ
80%
2x2 0.47 Guanbo Wang ๐Ÿ‡จ๐Ÿ‡ณ
80%
5x5 33.10 Seung Hyuk Nahm ๐Ÿ‡ฐ๐Ÿ‡ท
80%
6x6 1:00.40 Seung Hyuk Nahm ๐Ÿ‡ฐ๐Ÿ‡ท
80%
7x7 1:38.42 Seung Hyuk Nahm ๐Ÿ‡ฐ๐Ÿ‡ท
80%
3BLD 14.52 Stanley Chapel ๐Ÿ‡บ๐Ÿ‡ธ
80%
4BLD 51.96 Stanley Chapel ๐Ÿ‡บ๐Ÿ‡ธ
80%
5BLD 1:58.59 Stanley Chapel ๐Ÿ‡บ๐Ÿ‡ธ
80%
MBLD 49/51 57:50 Stanley Chapel ๐Ÿ‡บ๐Ÿ‡ธ
80%
3x3 2.76 Teodor Zajder ๐Ÿ‡ต๐Ÿ‡ฑ
80%
2x2 0.43 Teodor Zajder ๐Ÿ‡ต๐Ÿ‡ฑ
80%
3x3 3.05 Xuanyi Geng ๐Ÿ‡จ๐Ÿ‡ณ
80%
OH 6.29 Andrey Che ๐Ÿ‡ท๐Ÿ‡บ
60%
7x7 1:36.79 DongSoo Park ๐Ÿ‡ฐ๐Ÿ‡ท
60%
3BLD 14.48 Jeff Park ๐Ÿ‡บ๐Ÿ‡ธ
60%
5x5 31.61 Kai-Wen Wang ๐Ÿ‡น๐Ÿ‡ผ
60%
4x4 16.52 Leo Borromeo ๐Ÿ‡ต๐Ÿ‡ญ
60%
4x4 17.10 Matty Hiroto Inaba ๐Ÿ‡บ๐Ÿ‡ธ
60%
3x3 3.24 Qixian Cao ๐Ÿ‡จ๐Ÿ‡ณ
60%
3x3 3.24 Ruihang Xu ๐Ÿ‡จ๐Ÿ‡ณ
60%
4x4 17.89 Ruihang Xu ๐Ÿ‡จ๐Ÿ‡ณ
60%
5x5 35.23 Ruihang Xu ๐Ÿ‡จ๐Ÿ‡ณ
60%
3x3 3.34 Ryan Pilat ๐Ÿ‡บ๐Ÿ‡ธ
60%
Square-1 3.41 Ryan Pilat ๐Ÿ‡บ๐Ÿ‡ธ
60%
4x4 16.95 Timofei Tarasenko ๐Ÿ‡ท๐Ÿ‡บ
60%
5x5 32.98 Timofei Tarasenko ๐Ÿ‡ท๐Ÿ‡บ
60%
6x6 1:05.88 Timofei Tarasenko ๐Ÿ‡ท๐Ÿ‡บ
60%
Megaminx 21.99 Timofei Tarasenko ๐Ÿ‡ท๐Ÿ‡บ
60%
3BLD 14.06 Yifan Wang ๐Ÿ‡จ๐Ÿ‡ณ
60%
Skewb 0.75 Carter Kucala ๐Ÿ‡บ๐Ÿ‡ธ
40%
Pyraminx 0.75 Elijah Brown ๐Ÿ‡บ๐Ÿ‡ธ
40%
5x5 35.28 Emmanuel Kao ๐Ÿ‡ธ๐Ÿ‡ฌ
40%
6x6 1:03.91 Emmanuel Kao ๐Ÿ‡ธ๐Ÿ‡ฌ
40%
7x7 1:38.39 Emmanuel Kao ๐Ÿ‡ธ๐Ÿ‡ฌ
40%
Square-1 3.40 Hassan Khanani ๐Ÿ‡บ๐Ÿ‡ธ
40%
2x2 0.41 Jiazhou Li ๐Ÿ‡จ๐Ÿ‡ณ
40%
Square-1 3.69 Max Siauw ๐Ÿ‡บ๐Ÿ‡ธ
40%
Skewb 0.76 Pratik Khanna ๐Ÿ‡ฎ๐Ÿ‡ณ
40%
OH 6.05 Sean Patrick Villanueva ๐Ÿ‡ต๐Ÿ‡ญ
40%
4x4 16.64 Sebastian Weyer ๐Ÿ‡ฉ๐Ÿ‡ช
40%
Pyraminx 0.73 Simon Kellum ๐Ÿ‡บ๐Ÿ‡ธ
40%
Skewb 0.85 Simon Kellum ๐Ÿ‡บ๐Ÿ‡ธ
40%
Skewb 0.81 Zayn Khanani ๐Ÿ‡บ๐Ÿ‡ธ
40%
3x3 3.39 Zhaokun Li ๐Ÿ‡จ๐Ÿ‡ณ
40%
Megaminx 22.89 Aidan Grainger ๐Ÿ‡ฌ๐Ÿ‡ง
20%
Megaminx 25.47 Amos Nordman ๐Ÿ‡ซ๐Ÿ‡ฎ
20%
4BLD 1:12.45 Daniel Wallin ๐Ÿ‡ธ๐Ÿ‡ช
20%
5BLD 2:58.28 Daniel Wallin ๐Ÿ‡ธ๐Ÿ‡ช
20%
OH 5.66 Dhruva Sai Meruva ๐Ÿ‡จ๐Ÿ‡ญ
20%
FMC 17 Firstian Fushada ๐Ÿ‡ฎ๐Ÿ‡ฉ
20%
FMC 16 Jacob Sherwen Brown ๐Ÿ‡ฌ๐Ÿ‡ง
20%
Megaminx 25.24 Juan Pablo Huanqui ๐Ÿ‡ต๐Ÿ‡ช
20%
Clock 1.53 Lachlan Gibson ๐Ÿ‡ณ๐Ÿ‡ฟ
20%
Megaminx 22.98 Leandro Martรญn Lรณpez ๐Ÿ‡ฆ๐Ÿ‡ท
20%
6x6 1:07.99 Lim Hung ๐Ÿ‡ฒ๐Ÿ‡พ
20%
7x7 1:34.39 Lim Hung ๐Ÿ‡ฒ๐Ÿ‡พ
20%
3BLD 13.29 Manuel Gutman ๐Ÿ‡ฆ๐Ÿ‡ท
20%
4BLD 1:16.43 Manuel Gutman ๐Ÿ‡ฆ๐Ÿ‡ท
20%
MBLD 63/66 59:50 Rowe Hessler ๐Ÿ‡บ๐Ÿ‡ธ
20%
4BLD 1:07.48 Ryan Eckersley ๐Ÿ‡ฌ๐Ÿ‡ง
20%
5BLD 2:28.53 Ryan Eckersley ๐Ÿ‡ฌ๐Ÿ‡ง
20%
Square-1 3.42 Sameer Aggarwal ๐Ÿ‡บ๐Ÿ‡ธ
20%
2x2 0.49 Sebastian Lee ๐Ÿ‡ฆ๐Ÿ‡บ
20%
FMC 16 Sebastiano Tronto ๐Ÿ‡ฎ๐Ÿ‡น
20%
MBLD 48/48 59:48 Shivam Bansal ๐Ÿ‡ฎ๐Ÿ‡ณ
20%
5x5 31.62 Ziyu Wu ๐Ÿ‡จ๐Ÿ‡ณ
20%
6x6 1:03.30 Ziyu Wu ๐Ÿ‡จ๐Ÿ‡ณ
20%
7x7 1:34.11 Ziyu Wu ๐Ÿ‡จ๐Ÿ‡ณ
20%
Megaminx 22.86 Ziyu Wu ๐Ÿ‡จ๐Ÿ‡ณ
20%
2x2 0.39 Ziyu Ye ๐Ÿ‡จ๐Ÿ‡ณ
20%
3x3 3.46 Aaron Huynh ๐Ÿ‡บ๐Ÿ‡ธ
0%
FMC 16 Aedan Bryant ๐Ÿ‡บ๐Ÿ‡ธ
0%
2x2 0.49 Aitor Ibaรฑez Larrea ๐Ÿ‡ช๐Ÿ‡ธ
0%
Clock 1.85 Alessandro Diomampo ๐Ÿ‡บ๐Ÿ‡ธ
0%
Square-1 3.61 Alessandro Ricci ๐Ÿ‡ฎ๐Ÿ‡น
0%
Megaminx 24.05 Alexander Vujcich ๐Ÿ‡ณ๐Ÿ‡ฟ
0%
Megaminx 24.60 Alexei Sinyavin ๐Ÿ‡บ๐Ÿ‡ธ
0%
Clock 1.87 Anatolii Turenko ๐Ÿ‡ท๐Ÿ‡บ
0%
MBLD 57/61 1:00:00 Andrew Tao ๐Ÿ‡บ๐Ÿ‡ธ
0%
Skewb 0.88 Antoni Stojek ๐Ÿ‡ต๐Ÿ‡ฑ
0%
FMC 17 Anuar Miguel Abib Onofre ๐Ÿ‡ง๐Ÿ‡ท
0%
Skewb 0.86 Brayden Wroten ๐Ÿ‡บ๐Ÿ‡ธ
0%
Clock 1.60 Brendyn Dunagan ๐Ÿ‡บ๐Ÿ‡ธ
0%
Square-1 3.53 Brendyn Dunagan ๐Ÿ‡บ๐Ÿ‡ธ
0%
Square-1 4.10 Brian Johnson ๐Ÿ‡บ๐Ÿ‡ธ
0%
Clock 2.00 Caleb Wolf Dunn ๐Ÿ‡ฌ๐Ÿ‡ง
0%
3BLD 13.22 Charles Daloz-Baltenberger ๐Ÿ‡ซ๐Ÿ‡ท
0%
5x5 33.20 Ciarรกn Beahan ๐Ÿ‡ฎ๐Ÿ‡ช
0%
6x6 1:06.19 Ciarรกn Beahan ๐Ÿ‡ฎ๐Ÿ‡ช
0%
7x7 1:42.08 Ciarรกn Beahan ๐Ÿ‡ฎ๐Ÿ‡ช
0%
2x2 0.47 Connor Johnson ๐Ÿ‡ณ๐Ÿ‡ฟ
0%
Pyraminx 0.82 Connor Johnson ๐Ÿ‡ณ๐Ÿ‡ฟ
0%
Skewb 0.83 Divij Yadav ๐Ÿ‡ฎ๐Ÿ‡ณ
0%
4x4 17.65 ฤแป— Quang Hฦฐng ๐Ÿ‡ป๐Ÿ‡ณ
0%
5x5 33.83 ฤแป— Quang Hฦฐng ๐Ÿ‡ป๐Ÿ‡ณ
0%
6x6 1:06.83 ฤแป— Quang Hฦฐng ๐Ÿ‡ป๐Ÿ‡ณ
0%
7x7 1:39.47 ฤแป— Quang Hฦฐng ๐Ÿ‡ป๐Ÿ‡ณ
0%
Square-1 3.57 Dylan Baumbach ๐Ÿ‡บ๐Ÿ‡ธ
0%
3BLD 13.24 Elliott Kobelansky ๐Ÿ‡จ๐Ÿ‡ฆ
0%
4BLD 1:21.89 Elliott Kobelansky ๐Ÿ‡จ๐Ÿ‡ฆ
0%
5BLD 2:56.27 Elliott Kobelansky ๐Ÿ‡จ๐Ÿ‡ฆ
0%
Clock 1.90 Eryk Kasperek ๐Ÿ‡ต๐Ÿ‡ฑ
0%
4BLD 1:22.17 Ezra Hirschi ๐Ÿ‡จ๐Ÿ‡ญ
0%
5BLD 2:45.73 Ezra Hirschi ๐Ÿ‡จ๐Ÿ‡ญ
0%
MBLD 55/56 58:08 Ezra Hirschi ๐Ÿ‡จ๐Ÿ‡ญ
0%
4x4 17.98 Feliks Zemdegs ๐Ÿ‡ฆ๐Ÿ‡บ
0%
FMC 17 Harry Savage ๐Ÿ‡ฌ๐Ÿ‡ง
0%
Megaminx 25.26 Heewon Seo ๐Ÿ‡บ๐Ÿ‡ธ
0%
6x6 1:03.43 Henry Lichner ๐Ÿ‡บ๐Ÿ‡ธ
0%
4BLD 1:01.01 Hill Pong Yong Feng ๐Ÿ‡ฒ๐Ÿ‡พ
0%
5BLD 2:18.78 Hill Pong Yong Feng ๐Ÿ‡ฒ๐Ÿ‡พ
0%
OH 6.29 Igor Gล‚adysz ๐Ÿ‡ต๐Ÿ‡ฑ
0%
Pyraminx 0.84 Jakub Drobnรฝ ๐Ÿ‡ธ๐Ÿ‡ฐ
0%
Pyraminx 0.83 Jasper Murray ๐Ÿ‡ณ๐Ÿ‡ฟ
0%
MBLD 56/60 59:05 Joshua Gao ๐Ÿ‡บ๐Ÿ‡ธ
0%
Pyraminx 0.80 Jovan Lee ๐Ÿ‡ธ๐Ÿ‡ฌ
0%
4BLD 1:09.98 Kaijun Lin (ๆž—ๆบไฟŠ) ๐Ÿ‡จ๐Ÿ‡ณ
0%
5BLD 2:39.12 Kaijun Lin (ๆž—ๆบไฟŠ) ๐Ÿ‡จ๐Ÿ‡ณ
0%
Clock 1.91 Karl Abarquez ๐Ÿ‡ต๐Ÿ‡ญ
0%
OH 6.25 Kim Roger Haraldsen ๐Ÿ‡ณ๐Ÿ‡ด
0%
MBLD 60/64 1:00:04 Krzysztof Bober ๐Ÿ‡ต๐Ÿ‡ฑ
0%
FMC 17 Kyeongmin Choi ๐Ÿ‡ฐ๐Ÿ‡ท
0%
Clock 1.96 Kyle Jones ๐Ÿ‡ฆ๐Ÿ‡บ
0%
OH 6.19 Leon Marcell Alamanda ๐Ÿ‡ฎ๐Ÿ‡ฉ
0%
FMC 16 Levi Gibson ๐Ÿ‡บ๐Ÿ‡ธ
0%
Pyraminx 0.86 Lim Jia Ying ๐Ÿ‡ธ๐Ÿ‡ฌ
0%
Pyraminx 0.86 Lingkun Jiang ๐Ÿ‡จ๐Ÿ‡ณ
0%
2x2 0.49 Maciej Czapiewski ๐Ÿ‡ต๐Ÿ‡ฑ
0%
Skewb 0.88 Manuel Prieto de Antรณn ๐Ÿ‡ช๐Ÿ‡ธ
0%
FMC 17 Mark Boyanowski ๐Ÿ‡บ๐Ÿ‡ธ
0%
Square-1 3.87 Michaล‚ Krasowski ๐Ÿ‡ต๐Ÿ‡ฑ
0%
Clock 2.00 Mick Boekema ๐Ÿ‡ณ๐Ÿ‡ฑ
0%
Pyraminx 0.78 Ng Jia Quan ๐Ÿ‡ฒ๐Ÿ‡พ
0%
OH 6.05 Nicholas Archer ๐Ÿ‡ฌ๐Ÿ‡ง
0%
3BLD 13.86 Noah Swor ๐Ÿ‡บ๐Ÿ‡ธ
0%
7x7 1:37.34 Omar Ellabban ๐Ÿ‡จ๐Ÿ‡ฆ
0%
Square-1 3.94 Park Ji Won (๋ฐ•์ง€์›) ๐Ÿ‡ฐ๐Ÿ‡ท
0%
3BLD 13.81 Phillip Maxwell ๐Ÿ‡ฎ๐Ÿ‡ฉ
0%
OH 6.29 Pranav Gadge ๐Ÿ‡ฎ๐Ÿ‡ณ
0%
FMC 17 Radomiล‚ Baran ๐Ÿ‡ต๐Ÿ‡ฑ
0%
OH 6.17 Radosล‚aw Marcinek ๐Ÿ‡ต๐Ÿ‡ฑ
0%
4x4 16.84 Ray Bai ๐Ÿ‡บ๐Ÿ‡ธ
0%
4BLD 1:11.30 Simon Praschl ๐Ÿ‡ฆ๐Ÿ‡น
0%
5BLD 2:57.34 Simon Praschl ๐Ÿ‡ฆ๐Ÿ‡น
0%
MBLD 54/57 56:55 Simon Praschl ๐Ÿ‡ฆ๐Ÿ‡น
0%
2x2 0.41 Sky Guo ๐Ÿ‡ญ๐Ÿ‡ฐ
0%
Skewb 0.87 Szymon Brฤ…giel ๐Ÿ‡ต๐Ÿ‡ฑ
0%
2x2 0.45 Tian Xia ๐Ÿ‡จ๐Ÿ‡ณ
0%
Skewb 0.84 Tomasz Pietruszka ๐Ÿ‡ต๐Ÿ‡ฑ
0%
Megaminx 23.77 Tristan Chua Yong ๐Ÿ‡ธ๐Ÿ‡ฌ
0%
Pyraminx 0.77 Tucker Chamberlain ๐Ÿ‡บ๐Ÿ‡ธ
0%
2x2 0.44 Vako Marchilashvili ๐Ÿ‡ฌ๐Ÿ‡ช
0%
Clock 1.64 Volodymyr Kapustianskyi ๐Ÿ‡บ๐Ÿ‡ธ
0%
FMC 17 Yiwei Liu ๐Ÿ‡จ๐Ÿ‡ณ
0%
MBLD 54/59 57:26 Yucheng Chen (้™ˆ่ฃ•้“–) ๐Ÿ‡จ๐Ÿ‡ณ
0%
5BLD 2:46.57 Zhe Wang (็Ž‹ๅ“ฒ) ๐Ÿ‡จ๐Ÿ‡ณ
0%
No matching quizzes found
Score Distribution
Percent of People with Each Score
Percentile by Number Answered
Your Score History
You have not taken this quiz